Plan estratégico 2012-2022 (Record no. 8353)
[ view plain ]
| 000 -LEADER | |
|---|---|
| campo de control de longitud fija | 00366nam a2200133Ia 4500 |
| 001 - NÚMERO DE CONTROL | |
| campo de control | 3723 |
| 008 - DATOS DE LONGITUD FIJA--INFORMACIÓN GENERAL | |
| campo de control de longitud fija | 241024s9999 xx 000 0 und d |
| 082 ## - NÚMERO DE LA CLASIFICACIÓN DECIMAL DEWEY | |
| Número de clasificación | RD/378.7293/UN581p/2014 |
| 100 ## - ENTRADA PRINCIPAL--NOMBRE DE PERSONA | |
| Nombre de persona | Universidad autónoma de Santo Domingo (UASD) |
| 245 #0 - MENCIÓN DEL TÍTULO | |
| Título | Plan estratégico 2012-2022 |
| 260 ## - PUBLICACIÓN, DISTRIBUCIÓN, ETC. | |
| Nombre del editor, distribuidor, etc. | Santo Domingo |
| Fecha de publicación, distribución, etc. | 2014 |
| 901 ## - ELEMENTOS DE DATOS A LOCAL LDA (RLIN) | |
| a | 26/2/2014 10:12:51 a.m. |
No items available.